| 000 | 00609nam a22002057a 4500 | ||
|---|---|---|---|
| 999 |
_c11076 _d11076 |
||
| 003 | AR-CdUCM | ||
| 008 | 190402b ||||| |||| 00| 0 spa d | ||
| 040 |
_aMUNICIPALIDAD PROVINCIAL DEL CUSCO _cBIBLIOTECA MUNICIPAL DEL CUSCO |
||
| 082 |
_aC / 869.56 / _bB25S |
||
| 100 |
_aBarrionuevo, Roberto _93424 |
||
| 245 |
_aDe la sierra / _cD. Pedro Orós (seudónimo) |
||
| 260 |
_aCusco : _bEl Tiempo, _c1931. |
||
| 300 |
_a173 páginas ; _c19 cm. |
||
| 505 | _aContenido: Cuentos. | ||
| 650 |
_aCuentos Peruanos _933 |
||
| 650 |
_aSiglo XX _98 |
||
| 650 |
_aCusco _9772 |
||
| 942 |
_2ddc _cLIBROS |
||
| 945 | _aachl | ||